000 00825nam a2200289 a 4500
001 vtls001438570
003 NLI
005 20210627122019.0
008 121130n ii 000 0 eng
039 9 _y201211301643
_zVLOAD
040 _aNLI
_beng
_cDatasoft_GENG
_eAACR2
041 0 _aeng
044 _aii
082 0 4 _a291.5
100 1 _aKanal, S. P.
_91003416
245 1 4 _aThe basis of morality and religion /
_cS. P. Kanal
260 _aNew Delhi :
_bDev Samaj Prakashan,
_c[n.d.]
300 _a19 p. ;
_c22 cm.
650 0 _aEthics
_xReligious aspects
_91003556
650 0 _aConduct of life
_xReligious aspects
_9997287
887 _a
901 _aDB59941
_b23.08.1991
902 _aE 291.5 K 131
904 _l772
949 _AVIRTUAITEM
_D10000
_X100
_6DBA000059941ENG
942 _2ddc
_cBKS
999 _aVIRTUA40
_c891742
_d891742